01023nam a2200205 4500003000800000005001700008008004100025040002600066041000800092092002600100100003900126245024800165260004400413300001800457502018000475504005100655830008100706942001300787999001700800DO-SdUA20250325093548.0 s2016 dr || |||| 0 |a||0|spa d aDO-SdUAbspacDO-SdUA0 aspa aMA-PPGE 0045 FCE 20241 aFeliz Ramírez, Arianny Elizabeth aEl juego como estrategias para el desarrollo de la destreza motora fina en niños del nivel inicial, Escuela Profesor Ángel Rivera, distrito educativo 03-01, azua de Compostela, año escolar 2022-2023 / cArianny Elizabeth Feliz Ramírez. aSan Juan de la Maguana :bUASD, c2024. a113 h. :bil. aTesis y Trabajo de Grado (Maestría en Procesos Pedagógicos y Gestión de la Educación Infantil )--Universidad Autónoma de Santo Domingo, San Juan de la Maguana, 2024. aIncluye referencias bibliográficas y anexos. aTesis y disertaciones académicas (Universidad Autónoma de Santo Domingo) 2clcTn1 c13373d13373